| 000 | 00430nam a22001457a 4500 | ||
|---|---|---|---|
| 005 | 20160307084312.0 | ||
| 008 | 160301b xxu||||| |||| 00| 0 eng d | ||
| 050 | _aLC4015.M595 | ||
| 100 |
_aMetts, Ralph E. _922657 |
||
| 245 |
_aLearning or Not _cby Metts, Ralph E. |
||
| 260 |
_aBuffalo _bUnited Educational Service _c1992 |
||
| 300 |
_a165p.; _c26cm. |
||
| 650 |
_aEducation _918163 _xSpecial needs |
||
| 942 |
_2lcc _cMONOGRAPH |
||
| 999 |
_c124278 _d124278 |
||